Guinee-Bissau Trivia Quiz - Statistieken

Algemene statistieken
  • Deze quiz is 240 keer genomen
  • De gemiddelde score is 9 van 16
Antwoordstatistieken
Hint Antwoord % Correct
Aangrenzende landen Guinee
96%
Aangrenzende landen Senegal
94%
Hoofdstad Bissau
89%
Zoals veel West-Afrikaanse koloniën leed Guinee-Bissau onder deze handel Trans-Atlantische {slaven}handel
84%
Munteenheid van Guinee-Bissau, samen met zeven andere landen CFA-frank
83%
Land waaruit Guinee-Bissau in 1974 onafhankelijk werd Portugal
83%
Door zijn onregelmatige vorm heeft Guinee-Bissau de op acht na langste _____ van alle Afrikaanse landen Kust
76%
Grootste sector van de economie Landbouw
67%
Type bos dat het grootste deel van de kustlijn beslaat Mangrove
62%
Nootsoort die de grootste export is van Guinee-Bissau Cashew
39%
'M'-woord dat verwijst naar de heerschappij van vrouwen, waaronder de mensen van die eilanden leven Matriarchaat
34%
Tussen 2020 en 2022 de jongste doelpuntenmaker ooit voor het Spaanse nationale voetbalteam, geboren in de hoofdstad Ansu Fati
32%
De drie meest voorkomende etnische groepen (noem er een) Fula | Balanta | Mandinka
30%
Meest gesproken taal Guinea-Bissau Creool
28%
Groep van 88 eilanden voor de kust van Guinee-Bissau Bissagoseilanden
21%
Nationale onafhankelijkheidsheld die in 1973 is vermoord Amílcar Cabral
19%
Geen overeenkomende quizzen gevonden
Scoreverdeling
Procent van Mensen met Elke Score
Percentiel versus Aantal Correcte Antwoorden
Uw Scoregeschiedenis
U heeft deze quiz nog niet genomen